Alle Pokémon mit "E" - Statistiken

Allgemein
  • Dieses Quiz wurde 254 mal gespielt
  • Das Durchschnittsergebnis liegt bei 18 aus 31
Antwortstatistiken
Typ Pokémon % Korrekt
Elektro ⚡ Elektek
85%
Elektro ⚡ Elevoltek
85%
Elektro ⚡ Elekid
82%
Elektro / Normal Elezard
79%
Elektro / Normal Eguana
76%
Elektro / Flug Emolga
75%
Wasser 💧 Enton
69%
Wasser 💧 Entoron
69%
Normal ✳ Evoli
69%
Gift / Drache Endynalos
65%
Elektro ⚡ Elezeba
64%
Pflanze 🌿 Efoserp
58%
Boden / Stahl Eisenrad
57%
Kampf / Elektro Eisenhand
56%
Kampf / Geist Epitaff
56%
Unlicht / Flug Eisenhals
54%
Fee / Kampf Eisenkrieger
54%
Drache / Eis Espinodon
53%
Geist 👻 Echnatoll
51%
Pflanze / Fee Elfun
51%
Pflanze 🌿 Endivie
51%
Gestein / Elektro Eisendorn
50%
Eis / Wasser Eisenbündel
49%
Stahl / Psycho Eisenhaupt
49%
Feuer / Gift Eisenfalter
47%
Feuer 🔥 Entei
47%
Normal ✳ Eneco
44%
Normal ✳ Enekoro
44%
Pflanze / Psycho Eisenblatt
42%
Flug / Drache eF -eM
40%
Gestein / Psycho Eisenfels
39%
Keine übereinstimmenden Quizze gefunden
Verteilung der Resultate
Anzahl Personen mit jedem Resultat
Perzentil nach korrekt beantworteten Fragen
Ihre Resultats-Entwicklung
Sie haben dieses Quiz noch nicht gespielt